=LDR 00000nam 2200000 4500 =001 INLIS000000000045729 =005 20211213102436 =035 ##$$a 0010-021500000000289 =008 211213###########################0#ind## =020 ##$$a 978.979.29.3112-9 =040 ##$$a NBPDMAT =082 ##$$a 526 =090 ##$$a 526 Pro p =100 ##$$a Projo Danoedono =245 1#$$a Pengantar Penginderaan jauh digital /$c Projo Danoedoro =250 ##$$a Cet. 1 =260 ##$$a Yogyakarta :$b Andi,$c 2012 =300 ##$$a xxvi, 398 hlm. : $b illus ; $c 16x23 cm. =500 ##$$a Bibliografi hlm : 369 =650 #4$$a Geografi Digital =850 ##$$a NBPDMAT =084 ##$$a 526 PRO p =990 ##$$a 21419722 =990 ##$$a 21419723 =990 ##$$a 21419724 =990 ##$$a 21419725 =990 ##$$a 21419726 =990 ##$$a 1200100654 =990 ##$$a 1200100654 =990 ##$$a 21419722 =990 ##$$a 21419723 =990 ##$$a 21419724 =990 ##$$a 21419725 =990 ##$$a 21419726